000 00367nam a2200145Ia 4500
008 230917s9999||||xx |||||||||||||| ||und||
040 _e29642
_aMAIN
041 _aEnglish
082 _a891.2109 S23K
100 _aSharma, Balkrishna
245 0 _aKavyaprakash ka darshnik dharatal
260 _aDelhi
_bPratibha Prakashan
_c1997
300 _a264 p.
942 _cBK
999 _c100290
_d100290